000 00314nam a22001337a 4500
008 170613b xxu||||| |||| 00| 0 eng d
020 _a060429054
041 _aeng
080 _a327
100 _a19
101 _aSHP
245 _aSTRUCTURE AND PROCESS IN INTERNATIONAL POLITICS
_cHOPKINS,R.F
942 _2udc
_cBK
999 _c17115
_d17115